000 00709cam a22002533a 4500
001 23302
003 PGUSA
005 20140828083509.0
008 071103s2007||||xxu|||||s|||||000 1 eng d
040 _aPGUSA
_beng
042 _adc
050 4 _aPZ
100 1 _aCoybee, Eden
245 1 4 _aThe Dumpy Books for Children; :
_bNo. 7. A Flower Book
_h[electronic resource] /
_cEden Coybee
260 _bProject Gutenberg,
_c2007
506 _aPublic domain in the USA.
516 _aElectronic text
653 _aFairy tales
653 _aFlowers -- Juvenile fiction
700 1 _aBenson, Nellie
830 0 _aProject Gutenberg
_v23302
856 4 0 _uhttp://www.gutenberg.org/ebooks/23302
942 _cEB
999 _c252557
_d252557